A glance at Chinese Muslims : (Record no. 1480)
[ view plain ]
| 000 -LEADER | |
|---|---|
| fixed length control field | nam a22 a 4500 |
| 003 - CONTROL NUMBER IDENTIFIER | |
| control field | AKMAL |
| 005 - DATE AND TIME OF LATEST TRANSACTION | |
| control field | 20170509160509.0 |
| 008 - FIXED-LENGTH DATA ELEMENTS--GENERAL INFORMATION | |
| fixed length control field | 170509s1998 my 00 eng d |
| 020 ## - INTERNATIONAL STANDARD BOOK NUMBER | |
| International Standard Book Number | 983203213X: |
| Terms of availability | RM 90.00 |
| 040 ## - CATALOGING SOURCE | |
| Original cataloging agency | AKMAL |
| 082 04 - DEWEY DECIMAL CLASSIFICATION NUMBER | |
| Classification number | 305.6971051 BAO |
| 090 00 - LOCALLY ASSIGNED LC-TYPE CALL NUMBER (OCLC); LOCAL CALL NUMBER (RLIN) | |
| Classification number (OCLC) (R) ; Classification number, CALL (RLIN) (NR) | 305.6971051 |
| Local cutter number (OCLC) ; Book number/undivided call number, CALL (RLIN) | BAO |
| 100 1# - MAIN ENTRY--PERSONAL NAME | |
| Personal name | Yusuf, Liu Baojun, |
| Dates associated with a name | 1963- |
| 9 (RLIN) | 2930 |
| 245 12 - TITLE STATEMENT | |
| Title | A glance at Chinese Muslims : |
| Remainder of title | an introductive book / |
| Statement of responsibility, etc. | Haji Yusuf Liu Baojun |
| 260 ## - PUBLICATION, DISTRIBUTION, ETC. | |
| Place of publication, distribution, etc. | Kuala Lumpur : |
| Name of publisher, distributor, etc. | Malaysian Encyclopedia Research Center, |
| Date of publication, distribution, etc. | 1998 |
| 300 00 - PHYSICAL DESCRIPTION | |
| Extent | [vii, 113]p. : |
| Other physical details | col. ill., 3 maps : 2 col. (1 folded) ; |
| Dimensions | 26cm |
| 500 ## - GENERAL NOTE | |
| General note | Also published in Malay |
| 650 #0 - SUBJECT ADDED ENTRY--TOPICAL TERM | |
| Topical term or geographic name entry element | Muslims |
| Geographic subdivision | China |
| 9 (RLIN) | 2931 |
| 650 #0 - SUBJECT ADDED ENTRY--TOPICAL TERM | |
| Topical term or geographic name entry element | Muslims |
| General subdivision | Conduct of life |
| Geographic subdivision | China |
| 9 (RLIN) | 2932 |
| 650 #0 - SUBJECT ADDED ENTRY--TOPICAL TERM | |
| Topical term or geographic name entry element | Muslims |
| General subdivision | Social life and customs |
| Geographic subdivision | China |
| 9 (RLIN) | 2933 |
| 942 ## - ADDED ENTRY ELEMENTS (KOHA) | |
| Source of classification or shelving scheme | |
| Koha item type | Book |
| Withdrawn status | Lost status | Source of classification or shelving scheme | Damaged status | Not for loan | Collection code | Home library | Current library | Shelving location | Date acquired | Inventory number | Total Checkouts | Full call number | Barcode | Date last seen | Price effective from | Koha item type |
|---|---|---|---|---|---|---|---|---|---|---|---|---|---|---|---|---|
| NON-FICTION | AKMAL Melaka | AKMAL Melaka | PINJAMAN | 09.05.2017 | 303354 | 305.6971051 BAO | 201702754 | 09.05.2017 | 09.05.2017 | Book |
